|
|
|
|
| LEADER |
00000nam a2200000 a 4500 |
| 001 |
vtls011598732 |
| 003 |
SK-MaSNL |
| 005 |
20260301140411.0 |
| 008 |
220509s2016 xo f 100 0 eng |
| 015 |
|
|
|a SNBA2017/01
|
| 020 |
|
|
|a 9788089417698
|q (brož.)
|
| 035 |
|
|
|a urn:nbn:sk:snk-am00gjqh
|
| 035 |
|
|
|a urn:nbn:sk:snk-am3j4wf
|
| 035 |
|
|
|a D1ACD9EC-FA1E-4EDB-87FF-39BD6A361774
|
| 040 |
|
|
|a SNK
|b slo
|c SNK
|e AACR2
|
| 041 |
0 |
|
|a eng
|
| 044 |
|
|
|a xo
|c SK
|
| 072 |
|
7 |
|a 633
|x Rastlinná výroba
|2 konspekt
|
| 080 |
|
|
|a 633/635
|2 2011
|
| 080 |
|
|
|a 631.52
|2 2011
|
| 080 |
|
|
|a 575.113:582
|2 2011
|
| 080 |
|
|
|a 574.1
|2 2011
|
| 080 |
|
|
|a (062.534)
|2 2011
|
| 080 |
|
|
|a (048.3)
|2 2011
|
| 111 |
2 |
|
|a Sustainable Utilisation of Plant Genetic Resources for Agriculture and Food
|d (2016 :
|c Piešťany, Slovensko)
|9 493033
|
| 245 |
1 |
0 |
|a Sustainable Utilisation of Plant Genetic Resources for Agriculture and Food
|b book of abstracts : International scientific conference : 18-20 October 2016
|c [editor: Benediková Daniela]
|
| 260 |
|
|
|a Piešťany
|b National Agricultural and Food Centre - Research Institute of Plant Production
|c 2016
|
| 300 |
|
|
|a 101 s.
|c 29 cm
|
| 650 |
0 |
7 |
|a poľnohospodárske plodiny
|2 SNKPH
|9 28804
|
| 650 |
0 |
7 |
|a genetické zdroje
|2 SNKPH
|9 70342
|
| 650 |
0 |
7 |
|a šľachtenie rastlín
|2 SNKPH
|9 3635
|
| 650 |
0 |
7 |
|a Agricultural crops
|2 SNKPHeng
|9 265695
|
| 650 |
0 |
7 |
|a Plant breeding
|2 SNKPHeng
|9 274990
|
| 650 |
0 |
7 |
|a biodiverzita
|2 SNKPH
|9 3702
|
| 650 |
0 |
7 |
|a Genetic resources
|2 SNKPHeng
|9 314993
|
| 650 |
0 |
7 |
|a Biodiversity
|2 SNKPHeng
|9 266352
|
| 655 |
|
7 |
|a zborníky konferencií
|2 SNKPH
|9 70153
|
| 655 |
|
7 |
|a Proceedings of conferences
|2 SNKPHeng
|9 265791
|
| 655 |
|
7 |
|a abstrakty
|2 SNKPH
|9 22516
|
| 655 |
|
7 |
|a Abstracts
|2 SNKPHeng
|9 275616
|
| 700 |
1 |
|
|a Benediková, Daniela
|4 edt
|9 8635
|
| 919 |
|
|
|a 978-80-89417-69-8
|
| 999 |
|
|
|c 763534
|d 765464
|
| 952 |
|
|
|a SNK
|b SNK
|y PREZ
|7 0
|p 17A1250075
|o snkSB 91040
|i snk2016/28469
|8 0
|0 0
|1 0
|4 0
|d 2016-12-09
|f 1
|l 0
|r 2025-05-14 00:00:00
|w 2026-02-24
|
| 952 |
|
|
|a SNK
|b SNK
|y VYP
|7 0
|p 17A1250076
|o snkSB 91040 D1
|i snk2016/28470
|8 0
|0 0
|1 0
|4 0
|d 2016-12-09
|l 0
|r 2026-02-24 00:11:27
|w 2026-02-24
|